ბათუმის შოთა რუსთაველის სახელმწიფო უნივერსიტეტის ბიბლიოთეკა

ისაკ ბალანჩივაძე - გამოჩენილი პედაგოგი, ორგანიზატორი და მკვლევარი / (ბიბ.ჩანაწერი № 36163)

000 -ლიდერი
ფიქსირებული სიგრძის საკონტროლო ველი 01275nam a2200241Ia 4500
001 - საკონტროლო ნომერი
საკონტროლო ველი 2065
003 - საკონტროლო ნომრის იდენტიფიკატორი
საკონტროლო ველი GE_BSU
005 - ბოლო ოპერაციის თარიღი და დრო
საკონტროლო ველი 20190513155559.0
008 - ფიქსირებული სიგრძის მონაცემთა ელემენტები - ზოგადი ინფორმაცია
ფიქსირებული სიგრძის საკონტროლო ველი 181216s2010||||ge |||||||||||||| ||geo||
020 ## - წიგნის საერთაშორისო სტანდარტული ნომერი
International Standard Book Number 9789941432125
040 ## - კატალოგიზაციის წყარო
Transcribing agency GE_BSU
041 ## - ენის კოდი
Language code of text/sound track or separate title geo
080 ## - უნივერსალური ათობითი კლასიფიკაციის ინდექსი
Universal Decimal Classification number 37.01(092)
100 ## - მთავარი ჩანაწერი - პიროვნების სახელი
Personal name ბასილაძე, იმერ
9 (RLIN) 1071
245 ## - ცნობა სათაურის შესახებ
Title ისაკ ბალანჩივაძე - გამოჩენილი პედაგოგი, ორგანიზატორი და მკვლევარი /
Statement of responsibility, etc იმერ ბასილაძე, იაგორ ბალანჩივაძე ; რედ. გიორგი ბერძულიშვილი.
264 ## - წარმოების, გამოცემის, დისტრიბუციის და სხვა ცნობები
გამოცემის, წარმოების, დისტრიბუციის... ადგილი ქუთაისი :
გამოცემის, წარმოების, დისტრიბუციის... სახელწოდება აკ. წერეთლის სახელმწ. უნ-ტის გამ-ბა,
გამოცემის, წარმოების, დისტრიბუციის... თარიღი 2010.
300 ## - ფიზიკური აღწერა
Extent 188 გვ.
Other physical details 19 სმ.
653 ## - INDEX TERM--UNCONTROLLED
Uncontrolled term ქართველი პედაგოგები;
653 ## - INDEX TERM--UNCONTROLLED
Uncontrolled term ქართველი ფიზიკა-მათემატიკოსები;
700 ## - ADDED ENTRY--PERSONAL NAME
Personal name ბალანჩივაძე, იაგორ
Relator term ავტორი
9 (RLIN) 845
700 ## - ADDED ENTRY--PERSONAL NAME
Personal name ბერძულიშვილი, გიორგი
Relator term რედაქტორი
9 (RLIN) 1072
942 ## - ADDED ENTRY ELEMENTS (KOHA)
Koha item type წიგნი
Source of classification or shelving scheme
ეგზემპლარები
ჩამოწერის სტატუსი დაკარგული ეგზემპლარის სტატუსი კლასიფიკაციის წყარო ან თაროზე გაწყობის სქემა დაზიანების სტატუსი არ გაიცემა მუდმივი მდებარეობა (დაცვის ადგილი) ამჟამინდელი ადგილსამყოფელი თაროზე განთავსების ადგილი შეძენის თარიღი ღირებულება, შესყიდვის ნორმალური ფასი სრული შენახვის შიფრი შტრიხკოდი ბოლო ოპერაციის თარიღი ეგზემპლარის მიმდევრობითი ნომერი (კეტერი?) ფასის ძალაში შესვლის თარიღი ეგზემპლარის სახეობა საჯარო შენიშვნა
          ბათუმის შოთა რუსთაველის სახელმწიფო უნივერსიტეტის მთავარი ბიბლიოთეკა ბათუმის შოთა რუსთაველის სახელმწიფო უნივერსიტეტის მთავარი ბიბლიოთეკა წიგნსაცავი 2018-12-17 6.00 37.01(092) ბ–29 4199 2018-12-17 4199 2018-12-17 წიგნი 6 ლ.
          ბათუმის შოთა რუსთაველის სახელმწიფო უნივერსიტეტის მთავარი ბიბლიოთეკა ბათუმის შოთა რუსთაველის სახელმწიფო უნივერსიტეტის მთავარი ბიბლიოთეკა წიგნსაცავი 2018-12-17 6.00 37.01(092) ბ–29 4198 2018-12-17 4198 2018-12-17 წიგნი 6 ლ.